00710nam a2200181Ia 450000500170000000800410001702000180005808200220007610000200009824500890011825000120020726000270021930000120024644000380025894200070029699900190030395202060032220240704095459.0240126s9999 xx 000 0 und d a9780750682770 a910.688 MCC;1 R aMc Cabe, Scott. 0aMarketing communications in tourism and hospitality : concepts, strategies and cases a1st ed. bElsevieraOxfordc2009 axx, 300 aHospitality, leisure, and tourism cPU c274201d274201 r2024-01-26 00:00:00l0o910.688 MCC;1 RpPU2857W30h(01/07/1905)v2317.90w2024-01-26yPU1040708HEM00KIN11593aMLbMLcHMd2015-01-08eInfo Book Distributorsg50.95EHMGUSDF65V15.29URupees